| 000 | 00414nam a2200181Ia 4500 | ||
|---|---|---|---|
| 005 | 20240823062029.0 | ||
| 008 | 240823s9999||||xx |||||||||||||| ||und|| | ||
| 041 | _aTAMIL | ||
| 082 | _A491.43 P6 | ||
| 100 | _aKannatte | ||
| 245 | 0 | _aSulabamaga Neengalum Hindiyil Pesalam | |
| 250 | _a17th | ||
| 260 |
_c2006 _bBalaji Publica |
||
| 500 | _aYES | ||
| 650 |
_aHindi _bGeneral |
||
| 942 | _cBK | ||
| 999 |
_c234922 _d234922 |
||